000 00595nam a22001937a 4500
005 20251108164929.0
008 250721s1985 xx 000 0 ara d
082 1 4 _a651.02854/عبد
100 1 _aهيكل، عبد العزيز
245 1 0 _aالتطوير الإلكتروني للمكاتب /
264 1 _aبيروت :
_bدار الراتب الجامعية،
_c1985.
300 _a224ص : مص
490 0 _aألكترونيك أوفيس ؛ 1
650 1 7 _aإدارة المكاتب
650 1 7 _aالحواسيب
700 1 _aمدبك، ج.
942 _2ddc
_cBK
999 _c17731
_d17731